U.S. Urban Rail Transit by Picture - Statistics

General Stats
  • This quiz has been taken 30 times
  • The average score is 13 of 16
Answer Stats
Picture Answer % Correct
New York City
100%
Chicago
96%
Miami
92%
Washington
92%
Philadelphia
88%
Seattle
88%
Boston
84%
Los Angeles
84%
Atlanta
80%
Denver
80%
Dallas
76%
Phoenix
68%
Minneapolis
60%
Charlotte
56%
Houston
56%
San Diego
52%
No matching quizzes found
Score Distribution
Percent of People with Each Score
Percentile by Number Answered
Your Score History
You have not taken this quiz